000 00449nam a2200193Ia 4500
008 210210b1914 xxu||||| |||| 00| 0 eng d
041 _aeng
082 _a887/46
100 _aSARKAR (B K)
245 _aPositive background of Hindu Sociology
260 _aAllahabad
_b-
_c1914
650 _aSociology
650 _aPositive
650 _aof
650 _aHindu
650 _abackground
690 _aSanskrit Literature
906 _a024644
999 _c150267
_d150267